<?xml version="1.0" encoding="UTF-8"?>
<record
    xmlns:xsi="http://www.w3.org/2001/XMLSchema-instance"
    xsi:schemaLocation="http://www.loc.gov/MARC21/slim http://www.loc.gov/standards/marcxml/schema/MARC21slim.xsd"
    xmlns="http://www.loc.gov/MARC21/slim">

  <leader>01371cam a2200373 i 4500</leader>
  <controlfield tag="001">xx001693318</controlfield>
  <controlfield tag="003">NUKAT</controlfield>
  <controlfield tag="005">20260427204607.0</controlfield>
  <controlfield tag="008">100526s1906    xx           |000 0bpol c</controlfield>
  <datafield tag="035" ind1=" " ind2=" ">
    <subfield code="a">(OCoLC)751420996</subfield>
  </datafield>
  <datafield tag="035" ind1=" " ind2=" ">
    <subfield code="a">(NUKAT)xx001693318</subfield>
  </datafield>
  <datafield tag="040" ind1=" " ind2=" ">
    <subfield code="a">WA U/76BM</subfield>
    <subfield code="c">WA U/BM</subfield>
    <subfield code="d">WA U/DP</subfield>
    <subfield code="d">WA U/BMs</subfield>
    <subfield code="d">KAT U/MB</subfield>
  </datafield>
  <datafield tag="045" ind1="2" ind2=" ">
    <subfield code="b">d1746</subfield>
    <subfield code="b">d1817</subfield>
  </datafield>
  <datafield tag="046" ind1=" " ind2=" ">
    <subfield code="k">1906</subfield>
  </datafield>
  <datafield tag="100" ind1="1" ind2=" ">
    <subfield code="a">Korzon, Tadeusz</subfield>
    <subfield code="d">(1839-1918).</subfield>
    <subfield code="9">4264</subfield>
  </datafield>
  <datafield tag="245" ind1="1" ind2="0">
    <subfield code="a">Ko&#x15B;ciuszko :</subfield>
    <subfield code="b">biografia z dokument&#xF3;w wysnuta : dope&#x142;nienia przy wydaniu drugiem /</subfield>
    <subfield code="c">przez Tadeusza Korzona.</subfield>
  </datafield>
  <datafield tag="260" ind1=" " ind2=" ">
    <subfield code="a">[S.l.] :</subfield>
    <subfield code="b">nak&#x142;. autora ;</subfield>
    <subfield code="a">Krak&#xF3;w :</subfield>
    <subfield code="b">G. Gebethner i Sp&#xF3;&#x142;ka ;</subfield>
    <subfield code="a">Warszawa :</subfield>
    <subfield code="b">Gebethner i Wolff,</subfield>
    <subfield code="c">[1906]</subfield>
    <subfield code="e">(Krak&#xF3;w :</subfield>
    <subfield code="f">Druk W&#x142;. L. Anczyca i Sp.).</subfield>
  </datafield>
  <datafield tag="300" ind1=" " ind2=" ">
    <subfield code="a">[2], LXXXVI s. :</subfield>
    <subfield code="b">err.  ;</subfield>
    <subfield code="c">23 cm.</subfield>
  </datafield>
  <datafield tag="336" ind1=" " ind2=" ">
    <subfield code="a">Tekst</subfield>
    <subfield code="b">txt</subfield>
    <subfield code="2">rdacontent</subfield>
  </datafield>
  <datafield tag="337" ind1=" " ind2=" ">
    <subfield code="a">Bez urz&#x105;dzenia po&#x15B;rednicz&#x105;cego</subfield>
    <subfield code="b">n</subfield>
    <subfield code="2">rdamedia</subfield>
  </datafield>
  <datafield tag="338" ind1=" " ind2=" ">
    <subfield code="a">Wolumin</subfield>
    <subfield code="b">nc</subfield>
    <subfield code="2">rdacarrier</subfield>
  </datafield>
  <datafield tag="380" ind1=" " ind2=" ">
    <subfield code="a">Ksi&#x105;&#x17C;ki</subfield>
  </datafield>
  <datafield tag="380" ind1=" " ind2=" ">
    <subfield code="a">Literatura faktu, eseje, publicystyka</subfield>
  </datafield>
  <datafield tag="388" ind1="1" ind2=" ">
    <subfield code="a">1901-2000</subfield>
  </datafield>
  <datafield tag="500" ind1=" " ind2=" ">
    <subfield code="a">Rok wyd. wg PB.</subfield>
  </datafield>
  <datafield tag="510" ind1="4" ind2=" ">
    <subfield code="a">PB. - 1906,</subfield>
    <subfield code="c">s. 171.</subfield>
  </datafield>
  <datafield tag="600" ind1="1" ind2="4">
    <subfield code="a">Ko&#x15B;ciuszko, Tadeusz</subfield>
    <subfield code="d">(1746-1817)</subfield>
    <subfield code="v">biografie.</subfield>
    <subfield code="2">kaba</subfield>
    <subfield code="9">12469</subfield>
  </datafield>
  <datafield tag="600" ind1="1" ind2="7">
    <subfield code="a">Ko&#x15B;ciuszko, Tadeusz</subfield>
    <subfield code="d">(1746-1817)</subfield>
    <subfield code="2">DBN</subfield>
    <subfield code="9">39611</subfield>
  </datafield>
  <datafield tag="648" ind1=" " ind2="7">
    <subfield code="a">1701-1800</subfield>
    <subfield code="2">DBN</subfield>
    <subfield code="9">36035</subfield>
  </datafield>
  <datafield tag="648" ind1=" " ind2="7">
    <subfield code="a">1801-1900</subfield>
    <subfield code="2">DBN</subfield>
    <subfield code="9">36037</subfield>
  </datafield>
  <datafield tag="655" ind1=" " ind2="7">
    <subfield code="a">Biografia</subfield>
    <subfield code="2">DBN</subfield>
    <subfield code="9">35059</subfield>
  </datafield>
  <datafield tag="658" ind1=" " ind2=" ">
    <subfield code="a">Historia</subfield>
  </datafield>
  <datafield tag="942" ind1=" " ind2=" ">
    <subfield code="2">ddc</subfield>
    <subfield code="c">BK_NM</subfield>
  </datafield>
  <datafield tag="999" ind1=" " ind2=" ">
    <subfield code="c">27806</subfield>
    <subfield code="d">27806</subfield>
  </datafield>
  <datafield tag="952" ind1=" " ind2=" ">
    <subfield code="0">0</subfield>
    <subfield code="1">0</subfield>
    <subfield code="2">ddc</subfield>
    <subfield code="4">0</subfield>
    <subfield code="7">0</subfield>
    <subfield code="8">PBKH</subfield>
    <subfield code="a">BIP</subfield>
    <subfield code="b">PBKH</subfield>
    <subfield code="d">2026-04-27</subfield>
    <subfield code="e">K-66/1965</subfield>
    <subfield code="f">K</subfield>
    <subfield code="i">16376</subfield>
    <subfield code="l">0</subfield>
    <subfield code="o">16376</subfield>
    <subfield code="p">IPWK16699</subfield>
    <subfield code="r">2026-04-27 20:47:35</subfield>
    <subfield code="w">2026-04-27</subfield>
    <subfield code="y">BK_NM</subfield>
  </datafield>
</record>
